00277nam a2200121Ia 4500008004100000041000800041082001600049100001200065245003100077260001900108365001600127700001200143230718s9999 xx 000 0 und d aeng a523.43bGRA aGray J. aWhy Mars And Venus Collide bHarper Element cRs.b295.00 aGray J.